[Event "Rennes op 2nd"]
[Site "Rennes"]
[Date "2009.07.21"]
[Round "7"]
[White "Mevel, Mael"]
[Black "Dubessay, Bastien"]
[Result "1/2-1/2"]
[WhiteElo "1800"]
[BlackElo "2168"]
[PlyCount "67"]
[EventDate "2009.07.15"]
[EventType "swiss"]
[EventRounds "9"]
[EventCountry "FRA"]
[SourceTitle "EXT 2011"]
[Source "ChessBase"]
[SourceDate "2010.11.26"]
[SourceVersion "1"]
[SourceVersionDate "2010.11.26"]
[SourceQuality "1"]

1. e4 c5 2. Nf3 Nc6 3. d4 cxd4 4. Nxd4 d6 5. Nc3 Nf6 6. Bc4 e6 7. Be3 a6 8. Qe2 Qc7 9. 0-0-0 Na5 10. Bb3 b5 11. g4 Nxb3+ 12. axb3 b4 13. Na4 Nxe4 14. f3 Nc5 15. Qf2 Bd7 16. Nxc5 dxc5 17. Ne2 Be7 18. Rhe1 0-0 19. Bf4 Qa7 20. Ng3 Bc6 21. Nh5 g6 22. Rg1 gxh5 23. gxh5+ Kh8 24. Rg4 Bd5 25. Rdg1 Bf6 26. Qg2 Qb7 27. Rg7 Bxf3 28. Qg3 Bxh5 29. Be5 Bxe5 30. Qxe5 f6 31. Qxh5 Qxg7 32. Rxg7 Kxg7 33. Qg4+ Kf7 34. Qh5+ 1/2-1/2

[Event "Rennes op 2nd"]
[Site "Rennes"]
[Date "2009.07.18"]
[Round "4"]
[White "Danet, Claude"]
[Black "Mevel, Mael"]
[Result "0-1"]
[WhiteElo "1660"]
[BlackElo "1800"]
[PlyCount "62"]
[EventDate "2009.07.15"]
[EventType "swiss"]
[EventRounds "9"]
[EventCountry "FRA"]
[SourceTitle "EXT 2011"]
[Source "ChessBase"]
[SourceDate "2010.11.26"]
[SourceVersion "1"]
[SourceVersionDate "2010.11.26"]
[SourceQuality "1"]

1. d4 Nf6 2. c4 g6 3. Nc3 d5 4. cxd5 Nxd5 5. e4 Nxc3 6. bxc3 Bg7 7. Nf3 c5 8. Be3 Nc6 9. Be2 Bg4 10. Qa4 0-0 11. Rd1 Qc7 12. 0-0 a6 13. dxc5 Ne5 14. Nxe5 Bxe2 15. Rd7 Qxe5 16. Bd4 Qe6 17. Bxg7 Kxg7 18. Qd4+ Kg8 19. Re1 Bb5 20. Rxb7 Rfd8 21. Qe3 Rd3 22. Qc1 Rad8 23. h3 Rd2 24. Rb6 Qxa2 25. Qa1 Qxa1 26. Rxa1 Rc8 27. Re1 Rxc5 28. f4 Rd3 29. Rb7 e6 30. Rf1 Rdxc3 31. h4 Bxf1 0-1